01731nam a2200385Ia 4500001001200000003000800012006001900020007001500039008004100054010001700095020001800112020001500130040002100145035002100166050002300187245009800210260009300308300005500401490003400456500017100490504006600661533015200727650003900879650001600918651002400934651003700958655002900995700002201024700002601046710005901072710001701131830005201148856012601200999001901326ebr10411849CaPaEBRm u cr cn|||||||||040524r20092003enkaf sb 101 0 eng d z 2004272907 z9781598742039 z1844720039 aCaPaEBRcCaPaEBR a(OCoLC)68062258314aDT60b.C638 2009eb00aConsuming ancient Egypth[electronic resource] /cedited by Sally MacDonald and Michael Rice. aLondon :bUCL Press, Institute of Archaeology ;aPortland, Or. :bCavendish Pub.,c2009. axvi, 239 p., [8] p. of plates :bill. (some col.).1 aEncounters with ancient Egypt aIncludes extensively revised and updated papers originally presented at a conference held at the Institute of Archaeology, University College London in December 2000. aIncludes bibliographical references (p. [217]-230) and index. aElectronic reproduction.bPalo Alto, Calif. :cebrary,d2010.nAvailable via World Wide Web.nAccess may be limited to ebrary affiliated libraries. 0aCivilizationxEgyptian influences. 0aEgyptology. 0aEgyptxAntiquities. 0aEgyptxCivilizationyTo 332 B.C. 7aElectronic books.2local1 aMacDonald, Sally.1 aRice, Michael,d1928-2 aUniversity College, London.bInstitute of Archaeology.2 aebrary, Inc. 0aEncounters with ancient Egypt (London, England)40uhttp://site.ebrary.com/lib/rucke/Doc?id=10411849zAn electronic book accessible through the World Wide Web; click to view c182018d182018